• 首页
  • 本馆介绍
  • 公告通知
  • 最新文献
  • 馆藏检索
  • 电子资源
  • 读者导购
  • 参考咨询
  • 我的图书馆
  • 登录
  • 详细信息显示
  • 放入我的书架
  • 预约/预借图书
  • 作者相关作品
  • 分类相关作品
  • 丛书相关作品
  • 出版社相关作品

书目信息

  • 表格格式
  • 工作单格式
  • 卡片格式
题名:
苏维埃新贵们是如何生活的
    
 
作者: 赫·史密斯 著
分册:  
出版信息: 香港   香港朝阳出版社  1976.08
页数: 125页
开本: 21cm
丛书名:
单 册:
中图分类: C915
科图分类:
主题词: 社会调查 , 社会分析
电子资源:
ISBN:
000 00587nam0 2200205 45
001 0403030901
005 20040420143334.6
010    @dCNY0.54
100    @a20040303d1976 km y0chiy0120 ea
101 0  @achi
105    @a z 000yy
200 1  @a苏维埃新贵们是如何生活的@ASu Wei Ai Xin Gui Men Shi Ru He Sheng Huo De@f赫·史密斯等著@FHe·Shi MiSi Deng Zhu
210    @a香港@c香港朝阳出版社@d1976.08
215    @a125页@d21cm
606 0  @a社会调查
606 0  @a社会分析
690    @aC915@v3
701  0 @a赫·史密斯@4著
801    @aCN@bPftUser@c20040303
905    @dC915@e10@f2@b57627-628
    
    苏维埃新贵们是如何生活的/赫·史密斯等著.-香港:香港朝阳出版社,1976.08
    125页;21cm
    
    
    ISBN :CNY0.54
    
●
相关链接 在E读中查询图书 在五车中查询图书 在当当中查询图书 在豆瓣中查询图书


正题名:苏维埃新贵们是如何生活的     索取号:C915/10         预约/预借

序号 登录号 条形码 馆藏地/架位号 状态 备注
1 0057626   001853676   密集书库/ [索取号:C915/10] 在馆    
2 0057627   000365651   第一样本阅览室/ [索取号:C915/10] 在馆    
3 0057628   000365642   密集书库/ [索取号:C915/10] 在馆    
唐山师范学院图书馆 欢迎您!
大连网信软件有限公司© 版权所有